Guess The Rivals Character With 1 Hint - Statistics

General Stats
  • This quiz has been taken 14 times
  • The average score is 9 of 14
Answer Stats
Hint Answer % Correct
There are 2 characters that can mount this character Groot
89%
Cutest character in the game Jeff
89%
DPS added in recent update Human torch
78%
Cheaper town hall Iron fist
78%
This is the worst character in the game. Black widow
67%
This character can be played as a support or a dps Cloak
67%
This character has the lowest Hp but one of the highest also Bruce
67%
Only healer in fan Invisible woman
67%
Main character you are fighting when in the practice range Luna snow
67%
Only character that starts with N Namor
67%
This character has the best movement Spider-Man
67%
Tank added in recent update The thing
67%
Most Hp in the game Venom
56%
AGAIN Winter solider
11%
No matching quizzes found
Score Distribution
Percent of People with Each Score
Percentile by Number Answered
Your Score History
You have not taken this quiz